| 000 | 00322nam a22001217a 4500 | ||
|---|---|---|---|
| 082 |
_a297 _bHaqqani _cMasjid |
||
| 100 |
_aMuhammad Rahim Haqqani _951169 |
||
| 245 | _aانسانی حقوق | ||
| 260 |
_aLahore _bJumita Publicers _c2000 |
||
| 300 | _a150 | ||
| 526 |
_a0 _b0 _c0 _d297_000000000000000_HAQQANI |
||
| 942 |
_2ddc _cBK |
||
| 999 |
_c553930 _d553930 |
||